LEADER 02497nam0 22004573i 450 001 LO10075176 005 20251003044206.0 010 $a8815031871 020 $aIT$b92-9170 100 $a19960416d1991 ||||0itac50 ba 101 | $aita 102 $ait 181 1$6z01$ai $bxxxe 182 1$6z01$an 183 1$6z01$anc$2RDAcarrier 200 1 $aˆL'‰efficienza dell'amministrazione finanziaria$fa cura di Domenicantonio Fausto e Massimo Marrelli$gcon scritti di Valentino Dardanoni ... [et al.] 210 $aBologna$cIl mulino$d1991 215 $a548 p.$d22 cm 225 | $aOrganizzazione e funzionamento della pubblica amministrazione$v14 410 0$1001CFI0167920$12001 $aOrganizzazione e funzionamento della pubblica amministrazione$v14 606 $aSistema tributario$xItalia$2FIR$3CFIC201544$9E 606 $aFinanza statale$xItalia$2FIR$3LO1C001651$9E 676 $a353$9$v14 676 $a353.0072$9Amministrazione finanziaria centrale italiana$v21 696 $aSistema fiscale$aOrdinamento tributario 699 $aSistema tributario$ySistema fiscale 699 $aSistema tributario$zOrdinamento tributario 702 1$aMarrelli$b, Massimo$3LO1V046357$4340 702 1$aDardanoni$b, Valentino$f <1959- >$3LO1V046358$4070 702 1$aFausto$b, Domenicantonio$3RAVV079792$4340 801 3$aIT$bIT-000000$c19960416 850 $aIT-BN0095 $aIT-NA0079 $aIT-NA0070 $aIT-NA0452 901 $bNAP BN$cMAGAZZINO $nmagazzini correnti divisi per anni 901 $bNAP BU$c4 B $nPropedeutica. Formato cm. 20,1-28. 901 $bNAP IS$cISFSE $nSezione di materie economiche e sociali dell' ex Istituto sulle strutture finanziarie e lo sviluppo economico 901 $bNAP 01$cPOZZO LIB.$nVi sono collocati fondi di economia, periodici di ingegneria e scienze, periodici di economia e statistica e altri fondi comprendenti documenti di economia pervenuti in dono. 912 $aLO10075176 950 0$aBiblioteca Centralizzata di Ateneo$c1 v.$d 01POZZO LIB.ECON MON 8254$e 0101 0000109235E VMA 1 v. (Precedente collocazione: GUERRAZZI B 1515)$fB $h20091210$i20091210$c1 v.$d 01POZZO LIB.F. PARRAVICINI 546$e 0101 0600164385E VMA 1 v. (Precedente collocazione P. 582)$fB $h20050930$i20231031 977 $a 01$a BN$a BU$a IS 996 $aEfficienza dell'amministrazione finanziaria$958058 997 $aUNISANNIO